000 00414nam a22001697a 4500
005 20160701114600.0
008 160701b xxu||||| |||| 00| 0 eng d
020 _a978-93-5014-500-5
041 _aeng
082 _b20340
100 _aKumar Er. Arun
_93382
245 _aData book for designing machine elements
260 _bKatson
_c2015
300 _a453
650 _aDiploma Engineering
_9817
942 _cBK
999 _c5058
_d5056